000 00496nam a2200181Ia 4500
005 20250326124210.0
008 250326s9999 xx 000 0 und d
037 _aTextbook
040 _aFMSL
_beng
_cFMSL
041 _aeng
_2eng
084 _aX:51:f L2
_qFMSL
100 _aWorcester R M
_9736965
245 0 _aConsumer market research handbook
_cWorcester R M
260 _aNY
_bNY, McGraw-Hill
_c1972
300 _a686p
942 _cTB
_hX:51:f L2
999 _c1272698
_d1272698